[Event "FIDE WCCC U12 2018"]
[Site "Santiago de Compostela"]
[Date "2018.11.10"]
[Round "6"]
[White "Zhao, Jeffrey Renfei"]
[Black "Creanga, Robert-Ionut"]
[Result "1/2-1/2"]
[WhiteElo "1889"]
[BlackElo "2066"]
[Annotator "NA RC"]
[PlyCount "127"]
[EventDate "2018.11.04"]
[EventType "swiss"]
[EventCountry "ESP"]
[SourceTitle "playchess.com"]
[Source "ChessBase"]
[SourceQuality "1"]
[TimeControl "40/5400+30:1800+30"]

1. e4 {[%emt 0:00:00]} c5 {[%emt 0:00:00]} 2. Nf3 {[%emt 0:00:00]} Nc6 {[%emt 0:00:00]} 3. d4 {[%emt 0:00:00]} cxd4 {[%emt 0:00:00]} 4. Nxd4 {[%emt 0:00:00]} Nf6 {[%emt 0:00:23]} 5. Nc3 {[%emt 0:00:00]} e5 {[%emt 0:00:05]} 6. Ndb5 {[%emt 0:00:03]} d6 {[%emt 0:00:22]} 7. Bg5 {[%emt 0:00:06]} a6 {[%emt 0:00:07]} 8. Na3 {[%emt 0:00:06]} b5 {[%emt 0:00:06]} 9. Nd5 {[%emt 0:00:07]} Be7 {[%emt 0:00:07]} 10. Bxf6 {[%emt 0:00:10]} Bxf6 {[%emt 0:00:05]} 11. c4 {[%emt 0:00:16]} b4 {[%emt 0:00:04] B33: Sizilianisch (Lasker/Pelikan/Sweschnikow-Variante)} 12. Nc2 {[%emt 0:00:08]} O-O {[%emt 0:00:33]} 13. g3 {[%emt 0:00:06]} a5 {[%emt 0:00:09]} 14. Bg2 {[%emt 0:00:46]} Bg5 {[%emt 0:01:17]} 15. O-O {[%emt 0:01:06]} Ne7 {[%emt 0:01:49]} 16. Qd3 {[%emt 0:02:10]} (16. Nce3 Bxe3 17. Nxe3 Be6 18. Rc1 Nc6 19. Nf5 {1-0 (54) Harikrishna,P (2744)-Yu,Y (2751) Huaian 2017}) 16... Nxd5 {[%emt 0:04:55]} 17. Qxd5 {[%emt 0:00:40]} Be6 {[%emt 0:02:04]} 18. Qd3 {[%emt 0:00:18]} Qc7 $146 {[%emt 0:00:56]} ({Vorgänger:} 18... Qb6 19. Rfd1 Rad8 20. Re1 Kh8 {0-1 (30) Schulze,L (1920)-Wielebinski,P (2058) Verden 2017}) 19. b3 {[%emt 0:00:41]} Qc5 {[%emt 0:02:30]} 20. Rad1 {[%emt 0:05:21]} Rad8 {[%emt 0:01:55]} 21. Kh1 {[%emt 0:01:11]} Kh8 {[%emt 0:34:06]} 22. f4 {[%emt 0:04:46]} exf4 {[%emt 0:10:02]} 23. gxf4 {[%emt 0:00:11]} Be7 {[%emt 0:04:17]} 24. Ne3 {[%emt 0:03:05]} f5 {[%emt 0:08:15]} 25. exf5 {[%emt 0:07:39]} Bxf5 {[%emt 0:00:10]} 26. Be4 {[%emt 0:00:27]} Bxe4+ {[%emt 0:07:49]} 27. Qxe4 {[%emt 0:00:58]} Rde8 {[%emt 0:01:20]} 28. Nd5 {[%emt 0:00:28]} Bd8 {[%emt 0:01:55]} 29. Qd3 {[%emt 0:00:39]} Qc8 {[%emt 0:03:16]} 30. Rfe1 {[%emt 0:06:43]} Bh4 {[%emt 0:05:36]} 31. Rg1 {[%emt 0:03:51]} Bf2 {[%emt 0:02:18]} 32. Rg5 {[%emt 0:02:26]} h6 {[%emt 0:03:15]} 33. Rg2 {[%emt 0:02:00]} Bc5 {[%emt 0:00:16]} 34. Qg6 {[%emt 0:00:54]} Qd7 {[%emt 0:00:40]} 35. Rf1 {[%emt 0:04:53]} Qf7 {[%emt 0:01:14]} 36. Qg3 {[%emt 0:02:11]} Bd4 {[%emt 0:00:42]} 37. Rd2 {[%emt 0:00:42]} Bc5 {[%emt 0:00:24]} 38. Rdd1 {[%emt 0:02:35]} Qf5 {[%emt 0:00:19]} 39. Rfe1 {[%emt 0:00:33]} Qf7 {[%emt 0:01:10]} 40. Rxe8 {[%emt 0:00:00]} Rxe8 {[%emt 0:00:00]} 41. Re1 {[%emt 0:02:06]} Rxe1+ {[%emt 0:10:06]} 42. Qxe1 {[%emt 0:00:44]} Qh5 {[%emt 0:00:14]} 43. Qe4 {[%emt 0:02:11]} Qd1+ {[%emt 0:01:21]} 44. Kg2 {[%emt 0:00:19]} Qg4+ {[%emt 0:01:37]} 45. Kf1 {[%emt 0:01:01]} Qd1+ {[%emt 0:00:15]} 46. Kg2 {[%emt 0:00:36]} Qg4+ {[%emt 0:00:01]} 47. Kf1 {[%emt 0:00:14]} Qg1+ {[%emt 0:00:14]} 48. Ke2 {[%emt 0:00:06]} Qxh2+ {[%emt 0:00:07]} 49. Kd3 {[%emt 0:03:26]} Qg3+ {[%emt 0:05:52]} 50. Kd2 {[%emt 0:02:35]} Qf2+ {[%emt 0:00:18]} 51. Kd3 {[%emt 0:00:36]} Qg1 {[%emt 0:04:43]} 52. Ke2 {[%emt 0:02:51]} Qd4 {[%emt 0:03:07]} 53. Qe6 {[%emt 0:07:34]} Qf2+ {[%emt 0:01:55]} 54. Kd1 $1 {[%emt 0:01:49]} Qd4+ {[%emt 0:00:07]} 55. Kc2 {[%emt 0:00:59]} Qf2+ {[%emt 0:00:35]} 56. Kd1 {[%emt 0:00:42]} Qg1+ {[%emt 0:00:14]} 57. Kc2 {[%emt 0:00:36]} Qg2+ {[%emt 0:03:19]} 58. Kd3 {[%emt 0:03:29]} Kh7 {[%emt 0:02:17]} 59. Ne7 {[%emt 0:09:26]} Qf3+ {[%emt 0:00:37]} 60. Kd2 {[%emt 0:00:40]} Qxf4+ {[%emt 0:00:39]} 61. Kc2 {[%emt 0:00:36]} Qf2+ {[%emt 0:00:14]} 62. Kb1 {[%emt 0:00:21]} Qf1+ {[%emt 0:02:33]} 63. Kc2 {[%emt 0:01:16]} Qg2+ $11 {[%emt 0:00:37] Kd2 Qf3} 64. Kb1 {[%emt 0:00:22]} 1/2-1/2

[Event "FIDE WCCC U12 2018"]
[Site "Santiago de Compostela"]
[Date "2018.11.10"]
[Round "6"]
[White "Hu, Merric"]
[Black "Zhou, Liran"]
[Result "0-1"]
[WhiteElo "1849"]
[BlackElo "2186"]
[Annotator "TA"]
[PlyCount "114"]
[EventDate "2018.11.04"]
[EventType "swiss"]
[EventCountry "ESP"]
[SourceTitle "playchess.com"]
[Source "ChessBase"]
[SourceQuality "1"]

{[%evp 24,114,26,38,26,0,24,25,31,0,29,-28,-28,-13,-21,3,-6,-99,-90,-93,-85,-79,-99,-87,-83,-105,-75,-113,-80,-91,-86,-95,-96,-96,-46,-56,-67,-79,-79,-79,-78,-137,-87,-119,-119,-119,-119,-140,-133,-129,-87,-143,-130,-168,-158,-146,-171,-677,-592,-678,-670,-669,-662,-639,-602,-2665,-2437,-2112,-1812,-29966,-29967,-29969,-29971,-29970,-29971,-29968,-29968,-29968,-29969,-29969,-29969,-29970,-29971,-29970,-29964,-29971,-29972,-29970,-29971,-29973,-29973,-29944,-6152]} 1. e4 c5 2. Nf3 d6 3. d4 cxd4 4. Nxd4 Nf6 5. Nc3 a6 6. Be2 e5 7. Nb3 Be7 8. O-O O-O 9. Be3 Be6 10. Qd2 Nbd7 11. a4 b6 12. Rfd1 {B92: Sicilian Najdorf: 6 Be2} Qc7 13. Qe1 {LiveBook: 3 Games} Qb7 (13... h6 14. h3 Qb7 15. Bf3 Rfc8 16. Kh2 Bf8 17. Qe2 Rc7 18. g3 Rac8 19. Bd2 Nc5 20. Nxc5 Rxc5 {1-0 (41) Pourkashiyan,A (2341)-Padmini,R (2444) Al Ain 2015}) 14. f3 {White has an edge.} Rfd8 15. Qf1 Rdc8 16. Rac1 $146 ({Predecessor:} 16. Bd3 h6 17. Rd2 Nc5 18. Nxc5 bxc5 19. b3 Bd8 20. Bc4 {1-0 (55) Stein,L-Gligoric,S Stockholm 1962}) 16... h6 17. Rd2 (17. Bd3 $142) 17... d5 $11 18. exd5 Nxd5 19. Nxd5 Bxd5 20. Bxa6 (20. Bd3 $11) 20... Rxa6 $17 {[#]} 21. Rxd5 $1 {[%mdl 512]} Qxd5 22. Qxa6 {[#]} Rxc2 $1 {[%mdl 512]} 23. Rxc2 Qd1+ 24. Qf1 Qxc2 25. Qb5 Qb1+ (25... Qd1+ {keeps more tension.} 26. Kf2 Bh4+ 27. g3 Bg5 28. Bxb6 Qc2+) 26. Kf2 Qxb2+ 27. Nd2 Qxb5 28. axb5 {[%mdl 4096] Endgame KBN-KBN} Kf8 29. Nc4 Bd8 30. f4 exf4 31. Bxf4 Ke7 32. Ke3 (32. g4 $142) 32... Ke6 33. Kd4 g5 34. Be3 f5 35. h3 Nc5 36. Nd2 Be7 37. Bf2 ({White should play} 37. Kc4) 37... Nd7 {Strongly threatening ...Bc5+.} 38. Kc4 Ne5+ 39. Kc3 {[#]} Bd8 $1 40. Nc4 $2 (40. Nb3) 40... Nxc4 $19 41. Kxc4 {KB-KB} Ke5 42. Kd3 Kf4 43. Ke2 h5 44. g3+ Ke4 45. Be3 g4 46. hxg4 fxg4 {Black mates.} 47. Bf2 Bc7 48. Be1 Be5 49. Bf2 Bd4 50. Be1 Bc5 51. Bc3 Kd5 52. Bd2 Kc4 53. Bf4 Bd4 54. Bd6 Kxb5 55. Kd3 Kc6 56. Bb4 Kd5 57. Be1 b5 {Precision: White = 30%, Black = 77%.} (57... Be5 $142 58. Bf2 b5 59. Ke2 Ke4 60. Be1 Bd6 61. Kf2 b4 62. Ke2 b3 63. Kd1 b2 64. Kc2 Be5 65. Bf2 Kf3 66. Bb6 Bxg3 67. Kxb2 h4 68. Kc2 h3 69. Ba7 h2 70. Bc5 h1=Q 71. Bd4 Bf4 72. Kc3 g3 73. Kc4 Be3 74. Be5 Qh4+ 75. Kd5 g2 76. Bd4 Qxd4+ 77. Ke6 g1=Q 78. Ke7 Qgg7+ 79. Ke8 Qdd7#) 0-1

[Event "FIDE WCCC U12 2018"]
[Site "Santiago de Compostela"]
[Date "2018.11.10"]
[Round "6"]
[White "Arfan, Aditya Bagus"]
[Black "Chyzy, Jakub"]
[Result "1/2-1/2"]
[WhiteElo "1841"]
[BlackElo "2136"]
[Annotator "TA"]
[PlyCount "89"]
[EventDate "2018.11.04"]
[EventType "swiss"]
[EventCountry "ESP"]
[SourceTitle "playchess.com"]
[Source "ChessBase"]
[SourceQuality "1"]

{[%evp 16,89,-4,-45,-1,-23,-22,-23,-17,-26,-28,-41,20,4,66,56,42,31,31,31,31,20,31,28,35,41,34,35,236,231,223,201,205,66,75,75,77,64,67,69,65,65,79,44,70,0,57,47,60,81,67,34,81,87,93,43,100,105,148,138,125,148,141,77,87,-56,28,0,0,0,9,0,0,0,17,0]} 1. e4 e5 2. Nf3 Nc6 3. Bb5 a6 4. Ba4 Nf6 5. Qe2 b5 6. Bb3 Bc5 7. c3 O-O 8. d3 h6 {C77: Ruy Lopez: 3...a6 4 Ba4 Nf6, unusual lines} (8... Re8 9. h3 Bb7 10. Nbd2 Bb6 11. Nf1 d5 12. Ng3 Na5 13. Bc2 c5 14. O-O c4 15. dxc4 Nxe4 16. Nxe4 dxe4 {1-0 (48) Svidler,P (2751)-Mikhalevski,V (2528) Tallinn 2016}) 9. h3 {LiveBook: 7 Games} Re8 10. g4 d5 {Black has an edge.} 11. g5 $1 {[%cal Rg5f6]} hxg5 12. Bxg5 dxe4 13. dxe4 Be6 (13... Na5 $15) 14. Nbd2 Bb6 $146 (14... Bxb3 $11 15. axb3 Be7) ({Predecessor:} 14... Bxb3 15. axb3 {0-1 (37) Kunte,A (2345)-Ravi,T (2345) Kasaragod 1996}) 15. O-O-O Qe7 {[#]} 16. Bd5 $1 {[%mdl 512]} Bxd5 17. exd5 e4 $1 {[%cal Re4f3]} 18. Nh2 $36 {[%mdl 2048] White has good play.} Ne5 19. Nxe4 {aiming for Bxf6.} Nd3+ $1 20. Qxd3 Qxe4 21. Bxf6 Qxd3 $2 (21... Qf4+ $1 $14 22. Kb1 Qxf6) 22. Rxd3 $18 gxf6 23. Ng4 Re2 24. Rd2 ({Resist} 24. Nxf6+ Kg7 $16) (24. d6 $18) 24... Rxd2 $14 25. Kxd2 {[%mdl 4096] Endgame KRB-KRN} Rd8 26. Nxf6+ Kg7 27. Ng4 Rxd5+ 28. Ke2 Rh5 29. Ne3 Kf6 30. Ng4+ ({White should play} 30. h4 $14) 30... Kg6 (30... Kg7 $1 $11) 31. f4 Kf5 32. Kf3 f6 33. Kg3 Bc5 34. Rd1 {Black must now prevent Rd5+.} Ke6 35. Nh2 Bd6 (35... Rh8 $14) 36. Nf3 $16 c5 37. Kg4 Rh7 38. f5+ Kd7 {[#]} 39. Nh4 (39. Nd2 $142 $1 {[%cal Rd2e4]} Re7 40. Kf3) 39... Re7 40. Rd2 ({Better is} 40. Ng6 $16 Re2 41. Rb1) 40... Re3 (40... Re4+ $15 41. Kh5 Re3) 41. Rg2 Re4+ {The position is equal.} 42. Kh5 Rf4 43. Rg4 {Threatens to win with Rxf4.} Rf2 44. Rg2 Rf4 $1 45. Rg4 {Precision: White = 36%, Black = 39%.} 1/2-1/2

[Event "FIDE WCCC U12 2018"]
[Site "Santiago de Compostela"]
[Date "2018.11.10"]
[Round "6"]
[White "Yavuz, Efe Metehan"]
[Black "Yu, Jason"]
[Result "1-0"]
[WhiteElo "1828"]
[BlackElo "2097"]
[Annotator "NA RC"]
[PlyCount "105"]
[EventDate "2018.11.04"]
[EventType "swiss"]
[EventCountry "ESP"]
[SourceTitle "playchess.com"]
[Source "ChessBase"]
[SourceQuality "1"]
[TimeControl "40/5400+30:1800+30"]

1. e4 {[%emt 0:00:00]} e5 {[%emt 0:00:00]} 2. Nf3 {[%emt 0:00:10]} Nc6 {[%emt 0:00:00]} 3. Nc3 {[%emt 0:00:45]} Nf6 {[%emt 0:00:00]} 4. d4 {[%emt 0:00:41]} exd4 {[%emt 0:01:03]} 5. Nxd4 {[%emt 0:00:17]} Bc5 {[%emt 0:01:24]} 6. Be3 {[%emt 0:04:19]} Bb4 {[%emt 0:03:58] C47: Scotch Four Knights and Four Knights with 4 g3} (6... Bb6 7. Qd2 Ng4 8. Nxc6 dxc6 9. Qxd8+ Kxd8 10. Rd1+ Ke7 11. Bxb6 axb6 12. h3 Nf6 13. Be2 b5 14. a3 g5 {½-½ (39) Potapov,P (2515)-Chigaev,M (2599) Sochi 2018}) 7. Nxc6 {[%emt 0:34:59]} Bxc3+ {[%emt 0:18:35]} 8. bxc3 {[%emt 0:00:15]} bxc6 {[%emt 0:01:09]} 9. Bd3 {[%emt 0:01:00]} Qe7 {[%emt 0:03:16]} 10. O-O {[%emt 0:03:28]} O-O {[%emt 0:01:11]} 11. Re1 $146 {[%emt 0:00:42]} ({Predecessor:} 11. Bg5 Qe5 12. Bh4 Qxc3 13. f4 d6 14. Qf3 Ng4 15. h3 Qc5+ 16. Kh1 Qh5 17. Qg3 Nh6 18. f5 Kh8 19. Rae1 {1-0 (30) Danhel,L (1681)-Svoboda,J (1586) Prague 2014}) 11... d6 {[%emt 0:04:50]} 12. f3 {[%emt 0:05:06]} c5 {[%emt 0:03:15]} 13. Bf2 {[%emt 0:05:54]} Re8 {[%emt 0:13:31]} 14. Qd2 {[%emt 0:05:32]} h6 {[%emt 0:08:00]} 15. h3 {[%emt 0:07:43]} Bb7 {[%emt 0:08:52]} 16. Bg3 {[%emt 0:01:18]} Qd7 {[%emt 0:07:53]} 17. Bc4 {[%emt 0:02:38]} Nh5 {[%emt 0:06:36]} 18. Bf2 {[%emt 0:03:50]} Re5 {[%emt 0:03:26]} 19. Rab1 {[%emt 0:04:47]} Bc6 {[%emt 0:00:45]} 20. Be2 {[%emt 0:03:45]} g5 {[%emt 0:01:29]} 21. Be3 {[%emt 0:01:39]} Rae8 {[%emt 0:01:44]} 22. Bc4 {[%emt 0:03:26]} Kh8 {[%emt 0:01:55]} 23. Rbd1 {[%emt 0:03:20]} Qe7 {[%emt 0:01:06]} 24. Bd4 {[%emt 0:01:44]} cxd4 {[%emt 0:00:15]} 25. cxd4 {[%emt 0:00:11]} Rb5 {[%emt 0:00:59]} 26. d5 {[%emt 0:01:10]} Bd7 {[%emt 0:00:57]} 27. Bxb5 {[%emt 0:00:15]} Bxb5 28. Qd4+ {[%emt 0:00:43]} f6 {[%emt 0:02:02]} 29. a4 {[%emt 0:00:35]} Bd7 30. Rb1 {[%emt 0:01:00]} a5 {[%emt 0:02:09]} 31. Rb7 {[%emt 0:00:20]} Rc8 {[%emt 0:00:25]} 32. Reb1 {[%emt 0:01:06]} Nf4 33. Kf2 {[%emt 0:00:37]} Kh7 {[%emt 0:01:54]} 34. Rb8 {[%emt 0:00:19]} c5 {[%emt 0:01:22]} 35. Qc3 {[%emt 0:02:26]} Rxb8 36. Rxb8 {[%emt 0:00:02]} Bxa4 $2 {[%emt 0:02:06]} (36... Be8 $11) 37. Qxa5 {[%emt 0:00:09]} Bd7 {[%emt 0:01:00]} 38. Qd8 {[%emt 0:01:13]} Qxd8 {[%emt 0:00:19]} 39. Rxd8 {[%emt 0:00:01]} Ba4 {[%emt 0:00:11]} 40. Rxd6 {[%emt 0:00:00]} Bxc2 {[%emt 0:00:00]} 41. Rxf6 {[%emt 0:00:57]} Kg7 {[%emt 0:01:28]} 42. Rb6 {[%emt 0:02:39]} Ba4 {[%emt 0:01:42]} 43. g3 {[%emt 0:02:51]} Nd3+ {[%emt 0:00:43]} 44. Ke2 {[%emt 0:00:14]} c4 {[%emt 0:01:06]} 45. Ke3 {[%emt 0:03:23]} Ne1 {[%emt 0:04:45]} 46. Rb7+ {[%emt 0:03:55]} Kf6 {[%emt 0:01:20]} 47. Rc7 {[%emt 0:00:29]} (47. Rb6+ Ke7) 47... Bb3 {[%emt 0:04:36]} 48. Rc6+ {[%emt 0:03:11]} Ke7 {[%emt 0:02:54]} 49. e5 {[%emt 0:00:28]} Nc2+ {[%emt 0:08:49]} 50. Ke4 {[%emt 0:00:09]} Nb4 {[%emt 0:00:59]} 51. Rc7+ {[%emt 0:04:29]} Kd8 {[%emt 0:00:18] [#]} 52. d6 $1 {[%emt 0:01:36]} Na2 {[%emt 0:02:15]} 53. e6 1-0

[Event "FIDE WCCC U12 2018"]
[Site "Santiago de Compostela"]
[Date "2018.11.10"]
[Round "6"]
[White "Ohanyan, Emin"]
[Black "Maurizzi, Marc Andria"]
[Result "0-1"]
[WhiteElo "1742"]
[BlackElo "2103"]
[Annotator "ChessBase"]
[PlyCount "101"]
[EventDate "2018.11.04"]
[EventType "swiss"]
[EventCountry "ESP"]
[SourceTitle "playchess.com"]
[Source "ChessBase"]
[SourceQuality "1"]
[TimeControl "40/5400+30:1800+30"]

1. e4 {[%emt 0:00:00]} e6 {[%emt 0:00:00]} 2. d4 {[%emt 0:00:00]} d5 {[%emt 0:00:10]} 3. Nc3 {[%emt 0:00:00]} Nf6 {[%emt 0:00:42]} 4. e5 {[%emt 0:00:00]} Nfd7 {[%emt 0:00:07]} 5. f4 {[%emt 0:00:08]} c5 {[%emt 0:00:08]} 6. Nf3 {[%emt 0:00:06]} Nc6 {[%emt 0:00:07]} 7. Be3 {[%emt 0:00:08]} Be7 {[%emt 0:00:08]} 8. Qd2 {[%emt 0:00:07]} O-O {[%emt 0:00:07]} 9. dxc5 {[%emt 0:00:10]} Qa5 {[%emt 0:00:03]} 10. Nb5 {[%emt 0:21:42]} Qxd2+ {[%emt 0:00:46]} 11. Kxd2 {[%emt 0:00:08]} Nxc5 {[%emt 0:00:44]} 12. Bd3 {[%emt 0:03:07]} Bd7 {[%emt 0:13:59]} 13. Nbd4 {[%emt 0:08:30]} Rac8 {[%emt 0:04:51]} 14. a3 {[%emt 0:06:38]} a5 {[%emt 0:27:58]} 15. Rhb1 {[%emt 0:23:27]} a4 {[%emt 0:15:25]} 16. Rf1 {[%emt 0:11:20]} Na5 {[%emt 0:02:14]} 17. Rae1 {[%emt 0:02:11]} Nc4+ {[%emt 0:03:08]} 18. Bxc4 {[%emt 0:00:27]} dxc4 {[%emt 0:00:18]} 19. Bg1 {[%emt 0:06:37]} Rfd8 {[%emt 0:13:24]} 20. g4 {[%emt 0:02:10]} Bc6 {[%emt 0:07:56]} 21. Kc3 {[%emt 0:07:00]} Bd5 {[%emt 0:03:18]} 22. f5 {[%emt 0:03:27]} Ne4+ {[%emt 0:01:58]} 23. Rxe4 {[%emt 0:00:04]} Bxe4 {[%emt 0:00:03]} 24. fxe6 {[%emt 0:00:07]} fxe6 {[%emt 0:00:08]} 25. Nxe6 {[%emt 0:00:40]} Rd5 {[%emt 0:00:51]} 26. Bd4 {[%emt 0:01:23]} Rc6 {[%emt 0:01:37]} 27. Nf4 {[%emt 0:00:15]} Rd8 {[%emt 0:00:07]} 28. Nd2 {[%emt 0:00:25]} Bg6 {[%emt 0:00:19]} 29. Nf3 {[%emt 0:02:51]} Rf8 {[%emt 0:00:33]} 30. Nd5 {[%emt 0:00:51]} Bd8 {[%emt 0:00:01]} 31. Nb4 {[%emt 0:00:58]} Rc8 {[%emt 0:00:39]} 32. Nd2 {[%emt 0:00:26]} Rxf1 {[%emt 0:00:29]} 33. Nxf1 {[%emt 0:00:01]} Kf7 {[%emt 0:01:07]} 34. Ne3 {[%emt 0:00:29]} Ke6 {[%emt 0:00:05]} 35. Ned5 {[%emt 0:00:21]} Bf7 {[%emt 0:01:38]} 36. Nf4+ {[%emt 0:00:13]} Kd7 {[%emt 0:00:01]} 37. Be3 {[%emt 0:01:10]} Bc7 {[%emt 0:01:00]} 38. Bd4 {[%emt 0:00:32]} Re8 {[%emt 0:00:39]} 39. e6+ {[%emt 0:00:15]} Bxe6 {[%emt 0:00:06]} 40. Nxe6 {[%emt 0:00:00]} Rxe6 {[%emt 0:00:00]} 41. Kxc4 {[%emt 0:00:27]} Bxh2 {[%emt 0:00:31]} 42. Nd3 {[%emt 0:01:36]} Rg6 {[%emt 0:01:06]} 43. Be5 {[%emt 0:06:42]} Rxg4+ {[%emt 0:00:12]} 44. Kc3 {[%emt 0:00:32]} Rg2 {[%emt 0:00:31]} 45. Bd4 {[%emt 0:00:58]} Bd6 {[%emt 0:00:24]} 46. Ne1 {[%emt 0:00:23]} Rg4 {[%emt 0:00:39]} 47. Nd3 {[%emt 0:00:29]} h5 {[%emt 0:00:12]} 48. Kc4 {[%emt 0:00:01]} h4 {[%emt 0:00:23]} 49. Kd5 {[%emt 0:00:16]} h3 {[%emt 0:00:16]} 50. Be5 {[%emt 0:00:03]} Rg5 {[%emt 0:01:10]} 51. Kd4 0-1

[Event "FIDE WCCC U12 2018"]
[Site "Santiago de Compostela"]
[Date "2018.11.10"]
[Round "6"]
[White "Zhakshylykov, Erzhan"]
[Black "Stalmach, Richard"]
[Result "1/2-1/2"]
[WhiteElo "1526"]
[BlackElo "2028"]
[Annotator "NA"]
[PlyCount "68"]
[EventDate "2018.11.04"]
[EventType "swiss"]
[EventCountry "ESP"]
[SourceTitle "playchess.com"]
[Source "ChessBase"]
[SourceQuality "1"]
[TimeControl "40/5400+30:1800+30"]

1. e4 {[%emt 0:00:00]} c5 {[%emt 0:00:00]} 2. c3 {[%emt 0:00:00]} Nf6 {[%emt 0:00:00]} 3. e5 {[%emt 0:00:00]} Nd5 {[%emt 0:00:00]} 4. d4 {[%emt 0:00:11]} cxd4 {[%emt 0:00:00]} 5. cxd4 {[%emt 0:00:24]} Nc6 {[%emt 0:00:38]} 6. Nf3 {[%emt 0:00:10]} d6 {[%emt 0:00:29]} 7. Bc4 {[%emt 0:00:10]} e6 {[%emt 0:00:04]} 8. O-O {[%emt 0:00:34]} Be7 {[%emt 0:00:07]} 9. Qe2 {[%emt 0:00:36]} O-O {[%emt 0:01:10]} 10. Nc3 {[%emt 0:00:31]} Nxc3 {[%emt 0:01:33]} 11. bxc3 {[%emt 0:00:10]} dxe5 {[%emt 0:02:55]} 12. dxe5 {[%emt 0:01:08]} b6 {[%emt 0:00:47]} 13. Rd1 {[%emt 0:02:01]} Qc7 {[%emt 0:00:10]} 14. Bd3 {[%emt 0:02:13]} Bb7 {[%emt 0:02:51]} 15. Qe4 {[%emt 0:01:31]} g6 {[%emt 0:00:52]} 16. Bh6 {[%emt 0:05:16]} Rfd8 {[%emt 0:00:41]} 17. Qf4 {[%emt 0:04:33]} Rd5 {[%emt 0:14:53]} 18. Be4 {[%emt 0:11:16]} Rc5 {[%emt 0:02:14]} 19. Rd3 {[%emt 0:11:47]} Rd8 {[%emt 0:08:06]} 20. Rxd8+ {[%emt 0:18:33]} Nxd8 {[%emt 0:08:33]} 21. Bxb7 {[%emt 0:01:17]} Nxb7 {[%emt 0:02:34]} 22. Qa4 {[%emt 0:02:35]} Bf8 {[%emt 0:07:04]} 23. Bxf8 {[%emt 0:08:26]} Kxf8 {[%emt 0:00:07]} 24. Rd1 {[%emt 0:01:50]} Rxc3 {[%emt 0:20:04]} 25. Qxa7 {[%emt 0:01:51]} Kg7 {[%emt 0:00:44]} 26. h3 {[%emt 0:01:13]} Rc2 {[%emt 0:00:40]} 27. Rb1 {[%emt 0:02:11]} Qc5 {[%emt 0:08:33]} 28. Qxb6 {[%emt 0:00:45]} Rxa2 {[%emt 0:00:07]} 29. Nd4 {[%emt 0:10:28]} Qxe5 {[%emt 0:08:42]} 30. Nxe6+ {[%emt 0:00:54]} Kh6 {[%emt 0:00:39]} 31. Qxb7 {[%emt 0:05:26]} Qxe6 {[%emt 0:00:09]} 32. Qb4 {[%emt 0:01:57]} Qf6 {[%emt 0:01:21]} 33. Qf8+ {[%emt 0:00:30]} Qg7 {[%emt 0:01:22]} 34. Qc5 {[%emt 0:00:57]} Qf6 {[%emt 0:01:10]} 1/2-1/2

[Event "FIDE WCCC U12 2018"]
[Site "Santiago de Compostela"]
[Date "2018.11.11"]
[Round "7"]
[White "Gukesh D"]
[Black "Tugstumur, Yesuntumur"]
[Result "1-0"]
[WhiteElo "2457"]
[BlackElo "2331"]
[Annotator "TA"]
[PlyCount "77"]
[EventDate "2018.11.04"]
[EventType "swiss"]
[EventCountry "ESP"]
[SourceTitle "playchess.com"]
[Source "ChessBase"]
[SourceQuality "1"]

{[%evp 12,76,0,0,39,8,8,12,76,85,72,75,131,152,134,116,121,114,258,277,267,273,252,233,262,212,208,199,197,197,228,203,190,200,188,208,255,254,240,233,231,228,228,189,275,276,270,265,248,247,280,284,280,270,377,377,679,375,1230,837,808,774,29990,29991,29991,29992,29999]} 1. Nf3 c5 2. c4 Nc6 3. Nc3 e5 4. e3 Nf6 5. Be2 d5 6. cxd5 {A34: Symmetrical English: 2 Nc3, lines with ...d5} (6. d4 exd4 7. exd4 cxd4 8. Nxd4 dxc4 9. Nxc6 Qxd1+ 10. Kxd1 bxc6 11. Bxc4 Bg4+ 12. Kc2 Bf5+ 13. Bd3 Bxd3+ 14. Kxd3 O-O-O+ 15. Kc2 Bc5 {½-½ (33) So,W (2778)-Vachier Lagrave,M (2789) Leuven 2018}) 6... Nxd5 7. O-O {LiveBook: 18 Games} Be6 8. Bb5 {White is slightly better.} Bd6 $146 ({Predecessor:} 8... Nxc3 9. dxc3 f6 10. Qa4 Qc7 11. e4 Be7 12. Nh4 g6 13. Bh6 {0-1 (23) Pigott,J (2402)-Griffiths,R (2366) England 2018}) 9. Ne4 Nc7 (9... O-O $11 {remains equal.}) 10. Bxc6+ $1 $16 bxc6 11. b3 f5 (11... Bd5 $142 12. d3 (12. Nxd6+ Qxd6 13. Bb2 f6 $14) 12... O-O) 12. Nxd6+ Qxd6 13. d3 O-O-O 14. Bb2 Bd5 (14... e4 $16) 15. Nxe5 $18 Rhe8 16. f4 g5 17. e4 Bg8 {intending ...gxf4.} 18. Qh5 fxe4 19. dxe4 {[#] Strongly threatening Rad1.} gxf4 20. Rad1 Qe6 21. Rxf4 Rxd1+ 22. Qxd1 Rd8 23. Qf1 {[#] Black must now prevent Rf6.} Qe8 24. h3 Kb7 25. Kh2 Qe7 26. Qf2 Ne6 27. Rf6 Rf8 (27... Qc7 {was necessary.} 28. Qg3 Re8) 28. Nc4 Rxf6 29. Bxf6 ({Don't do} 29. Qxf6 $6 Qxf6 30. Nd6+ (30. Bxf6 Nf4 $16) 30... Kb8 $16) 29... Qf8 30. Qh4 Nc7 {If only Black now had time for ...Bxc4....} 31. Be7 Qg7 32. Nd6+ Kb8 {Black hopes to continue with ...Qe5+.} 33. Bf6 Qd7 $2 (33... Qf8) 34. Be5 a6 $2 (34... Ka8 35. Qg3 Be6) 35. Bg3 Ka7 36. Qg5 Be6 37. Qxc5+ {White mates.} Ka8 38. Qb6 {[%csl Gd6][%cal Rb6b7]} h5 39. Qb7# {Precision: White = 85%, Black = 38%.} 1-0